000 00336nam a22001457a 4500
008 210514b ||||| |||| 00| 0 eng d
020 _a9780393956368
041 _aeng
080 _22nd
_a82
082 _282
100 _a21
101 _aGJL
245 _aThe Norton Anthology of Modern Poetry
_cRichard Ellmann
942 _2udc
_cBK
999 _c57344
_d57344